Buck's 2021 step-by-step medical coding (Record no. 83542)

MARC details
000 -LEADER
fixed length control field 00694 a2200241 4500
003 - CONTROL NUMBER IDENTIFIER
control field CBULib
005 - DATE AND TIME OF LATEST TRANSACTION
control field 20240112082339.0
008 - FIXED-LENGTH DATA ELEMENTS--GENERAL INFORMATION
fixed length control field 231127b |||||||| |||| 00| 0 eng d
020 ## - INTERNATIONAL STANDARD BOOK NUMBER
International Standard Book Number 9780323709279
040 ## - CATALOGING SOURCE
Language of cataloging English
Transcribing agency CBULib
Description conventions rda
041 ## - LANGUAGE CODE
Language code of text/sound track or separate title eng
050 ## - LIBRARY OF CONGRESS CALL NUMBER
Classification number RB 115 Koe
100 ## - MAIN ENTRY--PERSONAL NAME
Personal name Koesterman, Jackie L.
245 ## - TITLE STATEMENT
Title Buck's 2021 step-by-step medical coding
Statement of responsibility, etc / by Jackie L. Koesterman
250 ## - EDITION STATEMENT
Edition statement 25th edition
260 ## - PUBLICATION, DISTRIBUTION, ETC. (IMPRINT)
Name of publisher, distributor, etc Elsevier,
Date of publication, distribution, etc 2021.
Place of publication, distribution, etc St Louis, Missouri :
300 ## - PHYSICAL DESCRIPTION
Extent vi, 243 pages
336 ## - CONTENT TYPE
Source rdacontent
Content type term Text |
Content type code txt
337 ## - MEDIA TYPE
Source rdamedia
Media type term Unmediated |
Media type code n
338 ## - CARRIER TYPE
Source rdacarrier
Carrier type term Volume
Carrier type code nc
650 #0 - SUBJECT ADDED ENTRY--TOPICAL TERM
Source of heading or term OCLC
9 (RLIN) 1169
Topical term or geographic name as entry element MEDICAL FEES
942 ## - ADDED ENTRY ELEMENTS (KOHA)
Source of classification or shelving scheme
Koha item type MONOGRAPH
Holdings
Withdrawn status Lost status Source of classification or shelving scheme Damaged status Not for loan Collection code Permanent Location Current Location Shelving location Date acquired Source of acquisition Cost, normal purchase price Full call number Barcode Date last seen Copy number Price effective from Koha item type Total Checkouts
          Medical Library Collection CBU-SCHOOL OF MEDICINE LIBRARY, NDOLA. CBU-MAIN LIBRARY, KITWE. General Stacks 11/27/2023 DON-BOOKAID 44.62 RB 115 Koe 905411 11/27/2023 1 11/27/2023 MONOGRAPH  
          Michael Chilufya Sata Collection CBU-MICHAEL CHILUFYA SATA LIBRARY CBU-MAIN LIBRARY, KITWE. General Stacks 11/27/2023 DON-BOOKAID 44.62 RB 115 Koe 905412 11/27/2023 2 11/27/2023 MONOGRAPH  
          Medical Library Collection CBU-SCHOOL OF MEDICINE LIBRARY, NDOLA. CBU-MAIN LIBRARY, KITWE. General Stacks 01/09/2024 DON-BOOKAID 44.62 RB 115 Koe 905583 01/09/2024 3 01/09/2024 MONOGRAPH  
          Medical Library Collection CBU-SCHOOL OF MEDICINE LIBRARY, NDOLA. CBU-MAIN LIBRARY, KITWE. General Stacks 01/09/2024 DON-BOOKAID 44.62 RB 115 Koe 905582 01/09/2024 4 01/09/2024 MONOGRAPH